Literature in Kāmatā Kochbihār Raj-Darbār, from fourteenth to eighteenth century. (Record no. 79146)
[ view plain ]
| 000 -LEADER | |
|---|---|
| fixed length control field | 00741nam a22002291 4500 |
| 001 - CONTROL NUMBER | |
| control field | sa 68002988 |
| 003 - CONTROL NUMBER IDENTIFIER | |
| control field | DLC |
| 005 - DATE AND TIME OF LATEST TRANSACTION | |
| control field | 20260227112448.0 |
| 008 - FIXED-LENGTH DATA ELEMENTS--GENERAL INFORMATION | |
| fixed length control field | 710903s1964 ii abh b 00000 eng |
| 010 ## - LIBRARY OF CONGRESS CONTROL NUMBER | |
| LC control number | sa 68002988 |
| 025 ## - OVERSEAS ACQUISITION NUMBER | |
| Overseas acquisition number | PL480:I-E-9557 |
| 050 0# - LIBRARY OF CONGRESS CALL NUMBER | |
| Classification number | PK1706 |
| Item number | .C5 |
| 100 10 - MAIN ENTRY--PERSONAL NAME | |
| Personal name | Chakravartti, Ajay Kumar. |
| 245 10 - TITLE STATEMENT | |
| Title | Literature in Kāmatā Kochbihār Raj-Darbār, from fourteenth to eighteenth century. |
| 250 ## - EDITION STATEMENT | |
| Edition statement | [1st ed.] |
| 260 0# - PUBLICATION, DISTRIBUTION, ETC. | |
| Place of publication, distribution, etc. | Dhubri, |
| Name of publisher, distributor, etc. | Assam |
| Date of publication, distribution, etc. | [1964] |
| 300 ## - PHYSICAL DESCRIPTION | |
| Extent | xi, [2], 137 p. |
| Other physical details | illus., facsims., maps. |
| Dimensions | 23 cm. |
| 350 ## - PRICE (NR) (BK AM CF MU VM SE) [OBSOLETE] | |
| Price | Rs10 |
| 500 ## - GENERAL NOTE | |
| General note | "Thesis for the D. PHIL. degree of the Calcutta University." |
| 504 ## - BIBLIOGRAPHY, ETC. NOTE | |
| Bibliography, etc. note | Bibliography: p. [vi]-[xii] |
| 650 #0 - SUBJECT ADDED ENTRY--TOPICAL TERM | |
| Topical term or geographic name entry element | Bengali literature |
| General subdivision | History and criticism. |
No items available.